000 01060nam a22003377a 4500
001 BR0100983
003 BR-BrBNA
005 20230928100812.0
007 ta
008 230509b bl.||||| |||| 00| 0 por d
040 _aBR-BrBNA
_bpor
_cBiblioteca Nacional de Agricultura
041 _a(Por)
072 _aN20
_b1060
_b4500
090 _ 1060 BR0100983
100 1 _aTachibana, A.
110 1 _aEscola Superior de Agricultura Luiz de Queiroz, Piracicaba, SP (Brasil)
_0Tese (Mestre em Agronomia)
245 1 _aUm modelo para avaliar sistemas mecanizados para a aplicacao de defensivos em culturas perenes
260 3 _aPiracicaba, SP (Brasil):
_c2000.
300 _a86 p.
500 _aSummaries (Eng, Por); Bibliography p. 79-81; 31 illus.; 5 tables
650 _aLaranja
650 _aImplemento Agricola
650 _aDefensivo
650 _aPesticida
650 _aCultivo Perene
650 _aPulverizacao Foliar
650 _aPrograma de Computador
650 _aSao Paulo
909 _a202309
_bLucia
_c55
_dLucia Elande
942 _cBK
999 _c62865
_d62865